Inulín a β-glukán ako významné polysacharidy s prebiotickými vlastnosťami bakalárska práca CD

Guardado en:
Detalles Bibliográficos
Autor principal: Nádaská, Lucia
Formato: Software Libro
Lenguaje:eslovaco
Publicado: Bratislava FCHPT STU 2013
Acceso en línea:Ver en el OPAC
Etiquetas: Agregar Etiqueta
Sin Etiquetas, Sea el primero en etiquetar este registro!

MARC

LEADER 00000nam a2200000 a 4500
005 20260127134111.0
007 co ugu
008 130927 2013 000 0 slo d
035 |a vtls010546827 
039 9 |y 201309271223  |z mschk03 
040 |a STUSCHK1  |b slo  |c STUSCHK1  |e AACR2 
100 1 |a Nádaská, Lucia 
245 1 |a Inulín a β-glukán ako významné polysacharidy s prebiotickými vlastnosťami  |b bakalárska práca CD  |c Lucia Nádaská 
260 |a Bratislava  |b FCHPT STU  |c 2013 
300 |a 1 optický disk 
500 |a Obhájené: 10.07.2013 
500 |a Štud. program: Biotechnológia a potravinárska technológia 
500 |a Štud. odbor: Biotechnológie 
500 |a Škol. pracovisko: Odd. výživy a hodnotenia potravín 
500 |a Evid. číslo: FCHPT-13567-44180 
910 |a SCHK95 
999 |c 4064  |d 4064